| 000 | 01495nam a2200349 i 4500 | ||
|---|---|---|---|
| 003 | EG-GICUC | ||
| 005 | 20260502073201.0 | ||
| 008 | 260502s2024 ua |||fr|||| 00| 0 ara d | ||
| 017 | _a2024/19273 | ||
| 020 | _a9789776268732 | ||
| 040 |
_a EG-GICUC _bara _c EG-GICUC _d EG-GICUC _erda |
||
| 082 | 0 | 4 |
_221 _a345.2 _bم ح . د |
| 092 | 0 | 4 | _221 |
| 099 | _aLaw1 07 345.2 م ح . د 2024 | ||
| 100 | 1 |
_aمحمد أحمد سلامة مشعل _eمؤلف. |
|
| 245 | 1 | 0 |
_aدور القاضي الإداري في حماية المناخ : _bدراسة مقارنة بين مصر وفرنسا / _cتأليف دكتور محمد أحمد سلامة مشعل، القاضي الدكتور أحمد هشام فرحات الموجي. |
| 250 | _aالطبعة الاولي | ||
| 264 | 1 |
_aالقاهرة : _bمركز المحمود لتوزيع الكتب القانونية، _c2024. |
|
| 300 |
_a134 ؛ صفحة _c24 سم |
||
| 336 |
_2rda content _atext |
||
| 337 |
_2rda media _aComputer |
||
| 338 |
_2rda carrier _aOnline Resource |
||
| 500 | _aيشتمل علي مراجع ببليوجرافية | ||
| 504 | _aيشتمل علي ارجاعات ببليوجرافية | ||
| 546 | _aالنص باللغة العربية | ||
| 650 | 1 | 4 |
_aالتنظيم الإداري _2qrmak |
| 651 | 1 | _2qrmak | |
| 700 | 1 |
_aأحمد هشام فرحات الموجي _eمؤلف مشارك. |
|
| 856 | 4 | 0 | _uhttps://fll.law.cu.edu.eg/fulltext/bks/B07-04345.pdf |
| 905 | _a161 | ||
| 942 |
_2ddc _cBK _e21 _n0 |
||
| 999 |
_c74702 _d74702 |
||